1510 1424 1707 1305 1248 1283 1067 1012 1744 1489 1686 1327 1767 1271 1113 1338 1279 1502 1820 1364 1171 1191 1548 1399 1302 1599 1839 1562 1279 1015 1677 1015 1116 1943 1325 1003 1955 1735 1398 1794 1021 1690 1319 1466 1083 1991 1835 1717 1523 1888 1967 1345 1085 1424 1214 1185 1611 1097 1125 1528 1044 1971 1523 1831 1347 1896 1609 1235 1322 1177 1878 1774 1237 1418 1434 1572 1464 1358 1230 1034 1907 1892 1171 1209 1786 1029 1749 1151 1674 1348 1516 1586 1463 1968 1132 1271 1931 1554 1289 BCNSPRNW ULIB Ver.6.0+V

เปลี่ยนเป็นภาษาไทย

Change to English
 แสดงรายละเอียดบรรณานุกรม
  กลับหน้าหลัก

Brief Record : Get Marc (ISO 2709) : E-mail record : QR code < ปิดหน้าต่าง
LEADER : 00000nam 2200000uu 4500
001    13399122381
003     ULIB
008    130306s||||||||th 000 0 tha d
020    9789741004775
090    นว.พ912ม
100 0  เพ็ญศิ้ริ
245 00 มนตร์มาร^cเพ็ญศิริ
260    ^c2551
945    ^p0^l0^i024463
999    ^aกมลทิพย์ ธนสารสุธี
รายการนี้ยังไม่มีแท็ก
คุณยังไม่ได้ล็อกอิน คุณสามารถมีกิจกรรมร่วมกับเว็บไซต์ได้ แต่ต้องล็อกอินก่อน ::
  ล็อกอิน

รายการสื่อสารสนเทศ

ลำดับที่ ประเภท เลขเรียก/บาร์โค้ด สถานที่ สถานะ
1. นวนิยาย
นวนิยาย
นว.พ912ม  
  Barcode: 024463
ห้องสมุดวิทยาเขตสวรรค์ประชารักษ์
►นวนิยาย
บนชั้น
  ขอยืม

BibComment


ยังไม่เคยถูกคอมเมนท์

คอมเมนท์ทรัพยากรรายการนี้
  คอมเมนท์: มนตร์มาร เพ็ญศิริ


 Copyright 2026. Bcnsprnw @Library